Bilecik Bilecik Bilecik Bilecik Bilecik

Düş söylemleri= dreamtelling/ (Record no. 5748)

MARC details
000 -BAŞLIK
Sabit Uzunluktaki Kontrol Alanı 00991nam a22003377a 4500
001 - KONTROL NUMARASI
Control Dosyası 0005767
003 - KONTROL NUMARASI KİMLİĞİ
Kontrol Alanı KOHA_MİRAKIL
005 - EN SON İŞLEM TARİHİ ve ZAMANI
Kontrol Alanı 20260207001457.0
007 - FİZİKSEL TANIM SABİT ALAN - GENEL BİLGİ
Sabit uzunluklu kontrol alanı ta
008 - SABİT UZUNLUKTAKİ VERİ ÖGELERİ - GENEL BİLGİ
Sabit Alan 090603b2004 tu |||gr||||#||||0|tur |
020 ## - ISBN - ULUSLARARASI STANDART KİTAP NUMARASI
Isbn 9755394060
040 ## - KATALOGLAMA KAYNAĞI
Özgün Kataloglama Kurumu TR-BiSEU
Kataloglama Dili tur
Çeviri Kurumu TR-BiSEU
Açıklama Kuralları rda
041 0# - DİL KODU
Metin ya da ses kaydının dil kodu tur
044 ## - YAYINLAYAN/ÜRETEN KURULUŞUN ÜLKE KODU
ISO country code tu
050 ## - SINIFLAMA ve YER NUMARASI
Sınıflama Numarası BF1078
Yer Numarası .S67 2004
100 1# - KİŞİ ADI
Yazar Adı (Kişi adı) Sorlin, Pierre.
245 1# - ESER ADI BİLDİRİMİ
Başlık Düş söylemleri= dreamtelling/
Sorumluluk Bildirimi Pierre Sorlin ; Pierre Sorlin; çeviren Süha Sertabiboğlu.
264 #1 - ÜRERİM, YAYIN, DAĞITIM ve TELİF BİLDİRİMİ
Yayın yeri İstanbul :
Yayınlayan Ayrıntı
Yayın tarihi 2004
300 ## - FİZİKSEL TANIMLAMA
Sayfa, Cilt vb. 192 sayfa: resimli
336 ## - İÇERİK TÜRÜ
Content type term metin
Content type code txt
Source rdacontent
337 ## - MEDYA TÜRÜ
Media type term aracısız
Media type code n
Source rdamedia
338 ## - TAŞIYICI TÜRÜ
Carrier type term cilt
Carrier type code nc
Source rdacarrier
490 1# - DİZİ BİLDİRİMİ
Dizi Bildirimi Ayrıntı ;415.
490 1# - DİZİ BİLDİRİMİ
Dizi Bildirimi Lacivert kitaplar dizisi ;20.
650 #0 - KONU BAŞLIĞI EK GİRİŞ - KONU TERİMİ
Konusal terim veya coğrafi ad Rüyalar.
9 (RLIN) 13984
650 #0 - KONU BAŞLIĞI EK GİRİŞ - KONU TERİMİ
Konusal terim veya coğrafi ad Dreams.
9 (RLIN) 13985
650 #0 - KONU BAŞLIĞI EK GİRİŞ - KONU TERİMİ
Konusal terim veya coğrafi ad Dream interpretation.
9 (RLIN) 13986
830 1# - SERİ EK GİRİŞİ - TEKBİÇİM ESER ADI
Tekbiçim Başlık Ayrıntı ;415.
9 (RLIN) 13987
830 1# - SERİ EK GİRİŞİ - TEKBİÇİM ESER ADI
Tekbiçim Başlık Lacivert kitaplar dizisi ;20.
9 (RLIN) 13988
942 ## - EK GİRİŞ ÖGELERİ (KOHA)
Source of classification or shelving scheme Library of Congress Classification
Koha item type Book
Holdings
Materyal Türü Kalıcı Konum Mevcut Konum Raf Yeri Sınıflandırma Kaynağı Edinim Bilgisi Ana Konular Alt Konular Yer Numarası Demirbaş Numarası Fatura Tarihi Maliyet, Alış Fiyatı Maliyet, Yenileme Fiyatı Geri Çekilme Durumu Kayıp Durumu Hasarlı Durumu Kredi için değil Kayıt Tarih Toplam Ödünçverme Son Görülme Tarihi Son Kontrol Tarihi Genel / Bağış Notu
Book Prof. Dr. Azmi Özcan Kütüphanesi Prof. Dr. Azmi Özcan Kütüphanesi Uluğbey Salonu Library of Congress Classification Bağış FELSEFE, PSİKOLOJİ, DİN Psikoloji BF1078 .S67 2004 0005767 13/08/2010 8.00 8.00         03/06/2009 2 05/12/2024 05/12/2024 İİBF